Kanadské železnice. 4
Zabezpečovacia a signalizačná technika Kanadských železníc (CN). Školenie pracovníkov v centre prevádzkového výcviku. Ochrana zdravia pri práci. Plán a tvorba rozpočtu CN. Konkurencieschopnosť CN.
Salvato in:
| Autore principale: | |
|---|---|
| Natura: | Capitolo di libro |
| Lingua: | slovacco |
| Soggetti: | |
| Tags: |
Nessun Tag, puoi essere il primo ad aggiungerne!!
|
MARC
| LEADER | 00000naa a2200000 4500 | ||
|---|---|---|---|
| 001 | r017239 | ||
| 005 | 20221213113257.5 | ||
| 041 | 0 | |a slo | |
| 044 | |a SK | ||
| 245 | 1 | 0 | |a Kanadské železnice. 4 |c P. Stetulič |
| 520 | |a Zabezpečovacia a signalizačná technika Kanadských železníc (CN). Školenie pracovníkov v centre prevádzkového výcviku. Ochrana zdravia pri práci. Plán a tvorba rozpočtu CN. Konkurencieschopnosť CN. | ||
| 610 | 2 | 0 | |a doprava železničná |
| 610 | 2 | 0 | |a železnice |
| 610 | 2 | 0 | |a Kanada |
| 610 | 2 | 0 | |a technika |
| 610 | 2 | 0 | |a školenie odborné |
| 610 | 2 | 0 | |a konkurencieschopnosť |
| 610 | 2 | 0 | |a ochrana zdravia |
| 100 | 1 | |a Stetulič, P. | |